Efectos de la integración de bloques económicos regionales en los mercados de trabajo /

Gespeichert in:
Bibliographische Detailangaben
1. Verfasser: Hernández Laos, Enrique (autor)
Format: Buch
Sprache:Spanisch
Veröffentlicht: México : Secretaría del Trabajo y Previsión Social, 1995, c1995
Schlagworte:
Tags: Tag hinzufügen
Keine Tags, Fügen Sie das erste Tag hinzu!

MARC

LEADER 00000nam^a2200000^a^4500
001 000063163
005 20250521000000.0
009 20260310091017.944
020 |a 968-813-415-5 
037 |a Acervo ITESO - Biblioteca 
041 |a ESP 
082 |a 382. 972073  |b HER 
100 |a Hernández Laos, Enrique  |e (autor) 
245 1 0 |a Efectos de la integración de bloques económicos regionales en los mercados de trabajo /  |c E. Hernández Laos. 
264 4 |a México :  |b Secretaría del Trabajo y Previsión Social,  |c 1995, c1995 
300 |a 208 p. 
336 |a texto  |b txt  |2 rdacontenido 
337 |a sin mediación  |b n  |2 rdamedio 
338 |a volumen  |b nc  |2 rdasoporte 
649 |a XX 
650 |a Relaciones Laborales 
650 |a Mercado de Trabajo 
650 |a Apertura Comercial e Integración Económica -  |z México 
650 |a Tratado de Libre Comercio -  |z México-EUA 
650 |a Comercio Internacional 
650 |a Comercio Internacional 
650 |a Economía 
910 |a Fondo General 
920 |a Impresos - Libros 
930 |a Colección General 
905 |a 101 
901 |a 0500016408  |b IT1  |c ACC  |u 20250521 
902 |a https://opac.biblio.iteso.mx/vufind/Record/000063163